书目信息 |
| 题名: |
中国保护动物图谱
|
|
| 作者: | 陈效一, 主编 ;张词祖 主摄 | |
| 分册: | ||
| 出版信息: | 北京 中国环境科学出版社 2004.7 |
|
| 页数: | 254页 | |
| 开本: | 30cm | |
| 丛书名: | ||
| 单 册: | ||
| 中图分类: | Q958.52-64 | |
| 科图分类: | ||
| 主题词: | 野生动物--ye sheng dong wu--中国--图集 | |
| 电子资源: | ||
| ISBN: | 7-80163-801-8 | |
| 000 | 01148nam0 2200325 450 | |
| 000 | 01176nam0 2200325 450 | |
| 000 | 01139nam0 2200313 450 | |
| 000 | 01096nam0 2200301 450 | |
| 000 | 01085nam0 2200301 450 | |
| 000 | 01048nam0 2200289 450 | |
| 001 | CAL 012006036660 | |
| 005 | 20061026163024.31 | |
| 010 | @a7-80163-801-8@b精装@dCNY128.00 | |
| 099 | @aCAL 012006036660 | |
| 100 | @a20060825d2005 em y0chiy0120 ea | |
| 101 | 0 | @achi |
| 102 | @aCN@b110000 | |
| 105 | @aa a 000yy | |
| 200 | 1 | @a中国保护动物图谱@Azhong guo bao hu dong wu tu pu@f陈效一主编@g张词祖主摄 |
| 210 | @a北京@c中国环境科学出版社@d2004.7 | |
| 215 | @a254页@c照片@d30cm | |
| 314 | @a陈效一(1939-), 生于辽宁省锦州市, 现任中国环境科学社顾问, 著有《《不平静的一生》等。 | |
| 320 | @a有书目 (第253页) | |
| 330 | @a本书以画册形式, 介绍我国国家一级、二级重点保护野生动物的目名、科名、别名, 介绍其濒危等级、分布与特征等。 | |
| 606 | 0 | @a野生动物@Aye sheng dong wu@y中国@j图集 |
| 690 | @aQ958.52-64@v4 | |
| 701 | 0 | @a陈效一,@Achen xiao yi@f1939-@4主编 |
| 702 | 0 | @a张词祖@Azhang ci zu@4主摄 |
| 801 | 0 | @aCN@c20061026 |
| 905 | @a10447@dQ958.52-64@eC590 | |
| 中国保护动物图谱/陈效一主编/张词祖主摄.-北京:中国环境科学出版社,2004.7 |
| 254页:照片;30cm |
| ISBN 7-80163-801-8(精装):CNY128.00 |
| 本书以画册形式, 介绍我国国家一级、二级重点保护野生动物的目名、科名、别名, 介绍其濒危等级、分布与特征等。 |
| ● |
| 相关链接 |
|
|
|
正题名:中国保护动物图谱
索取号:Q958.52-64/C590
 
预约/预借
| 序号 | 登录号 | 条形码 | 馆藏地/架位号 | 状态 | 备注 |
| 1 | 630041 | 206300411 | 自科库401/501自科库 40排5列2层/ [索取号:Q958.52-64/C590] | 在馆 |